000 00992nam a22002417a 4500
005 2009111306196.0
008 091113t xxu||||| |||| 00| 0 eng d
010 _aENG-95450
020 _a9788189005580
_c175.00
035 _aEN-78983
037 _bDBAD/PUB
040 _aDPL
100 _aGill, D.S.
245 _aEducational administration and organisation management
_cby D.S.Gill
260 _aNew Delhi
_bSaurabh Publishing house
_c2010
270 _a4263/3, Ansari road, Darya Ganj
_bNew Delhi
_e110002
300 _a 316p
_c22 cm.(Pbk)
500 _a Includes index
856 _uhttp://www.loc.gov/catdir/toc/ecip0721/2007025342.html
942 _2ddc
_cEN
_mGIL
999 _c31795
_d31795